000 00280nam a22001217a 4500
008 181029b xxu||||| |||| 00| 0 eng d
041 _aeng
080 _24 ED
_a910
100 _a42
101 _aGEO
245 _aAn Introduction To Geography
_cJames M.R
942 _2udc
_cBK
999 _c51002
_d51002